000 00255nam a2200109Ia 4500
008 190906s9999||||xx |||||||||||||| ||und||
100 _aAbdul Maalik Mujahid
245 0 _aSunharay Aouraq
260 _aLahore
_bDarussalam
_c1996
300 _a376
942 _cBK
999 _c6159
_d6159